|
|
|
|
| LEADER |
01070cam a2200289 a 4500 |
| 001 |
c000215630 |
| 003 |
CARM |
| 005 |
20060705135646.0 |
| 008 |
860925s1977 mauc 000 0 eng d |
| 019 |
1 |
|
|a 4647620
|5 LACONCORD2021
|
| 035 |
|
|
|a (OCoLC)3429304
|5 LACONCORD2021
|
| 040 |
|
|
|a 2686
|b eng
|c 2686
|d ABN-SNR
|
| 050 |
|
4 |
|a GV1044
|b .R63 1977
|
| 082 |
0 |
4 |
|a D796.6
|
| 082 |
1 |
4 |
|a 796.6
|2 19
|
| 100 |
1 |
|
|a Rohnke, Karl.
|
| 245 |
1 |
0 |
|a Cranking out adventure :
|b a bike leader's guide to trial and error touring /
|c by Karl Rohnke.
|
| 246 |
3 |
|
|a Bike leader's guide to trial and error touring
|
| 260 |
|
|
|a Hamilton, Mass. :
|b Project Adventure,
|c 1977.
|
| 300 |
|
|
|a 46 p., [4] p. of plates :
|b ports. ;
|c 28 cm.
|
| 500 |
|
|
|a Cover title.
|
| 650 |
|
0 |
|a Outdoor education.
|
| 650 |
|
0 |
|a Bicycle touring.
|
| 710 |
2 |
|
|a Project Adventure.
|
| 852 |
8 |
|
|b CARM
|h A2:AE25H0
|i F00743
|p 0269433
|f BK
|
| 999 |
f |
f |
|i 34199ec4-e34d-5777-9cfd-9c2c60cbede9
|s b39cbbc6-bf6b-5b1f-8f89-3ee599a8598c
|
| 952 |
f |
f |
|p Can circulate
|a CAVAL
|b CAVAL
|c CAVAL
|d CARM 1 Store
|e F00743
|f A2:AE25H0
|h Other scheme
|i book
|m 0269433
|